'Green' developments: environmentally responsible buildings in the UK commercial property sector (Record no. 65607)

MARC details
000 -LEADER
fixed length control field 01590cam a2200217 4500
001 - CONTROL NUMBER
control field ABS63347
008 - FIXED-LENGTH DATA ELEMENTS--GENERAL INFORMATION
fixed length control field 000000n2000 000 0 eng u
035 ## - SYSTEM CONTROL NUMBER
System control number (Sirsi) u109995
100 ## - MAIN ENTRY--PERSONAL NAME
Personal name Shiers, D
245 ## - TITLE STATEMENT
Title 'Green' developments: environmentally responsible buildings in the UK commercial property sector
260 ## - PUBLICATION, DISTRIBUTION, ETC.
Date of publication, distribution, etc. 2000
490 ## - SERIES STATEMENT
Series statement Property Management
Volume/sequential designation 18(5) 2000, 352-365(14)
520 ## - SUMMARY, ETC.
Summary, etc. Within the past 10 years, the design, procurement and management of 'green' buildings has evolved from something of a 'fringe' activity into a new and increasingly popular approach to the provision of commercial property. Many UK government agencies and international corporations now include green buildings as part of their property portfolios and green issues are already influencing many aspects of the property development process. This paper explains some of the background to this more environmentally responsible approach to property, identifies the potential benefits to owners and occupiers and discusses some of the building-related environmental issues which could provide a basis for ongoing research. Concludes that the way commercial buildings are conceived, located, designed and managed is changing, often incorporating new technologies, to meet a new set of project-specific and organisational environmental objectives. Journal abstract. References.
590 ## - LOCAL NOTE (RLIN)
Local note ABS
650 ## - SUBJECT ADDED ENTRY--TOPICAL TERM
Topical term or geographic name entry element ENVIRONMENTAL ISSUES
650 ## - SUBJECT ADDED ENTRY--TOPICAL TERM
Topical term or geographic name entry element GREEN BUILDINGS
650 ## - SUBJECT ADDED ENTRY--TOPICAL TERM
Topical term or geographic name entry element BUILDING MANAGEMENT
650 ## - SUBJECT ADDED ENTRY--TOPICAL TERM
Topical term or geographic name entry element RESEARCH
690 ## - LOCAL SUBJECT ADDED ENTRY--TOPICAL TERM (OCLC, RLIN)
Topical term or geographic name as entry element PROPERTY MANAGEMENT-COMMERCIAL PROPERTY
942 ## - ADDED ENTRY ELEMENTS (KOHA)
Suppress in OPAC 0
Holdings
Withdrawn status Lost status Source of classification or shelving scheme Damaged status Not for loan Home library Current library Shelving location Date acquired Total Checkouts Full call number Barcode Date last seen Copy number Price effective from Koha item type
    Dewey Decimal Classification     London London Journal article 19/12/2000   ABS63347 109995-1001 06/08/2019 1 06/08/2019 Journal article